000 00874nas a2200301 4500
001 BR2016001595
003 BR-BrBNA
005 20231205130300.0
007 ta
008 230509b bl.|||p| |||| 00| 00por d
040 _aBR-BrBNA
_bpor
_cBiblioteca Nacional de Agricultura
041 _a(En)
072 _aF30; H20
100 1 _aLeite, M.E.
100 1 _aDias, J.A.
100 1 _aSouza, D.A. de
100 1 _aAlves, F.C.
100 1 _aPinheiro, L.R.
100 1 _aSantos, J.B. dos
245 1 _aIncreasing the resistance of common bean to white mold through recurrent selection
650 _aFEIJÃO
650 _aMOFO
650 _aFUNGO
650 _aVARIEDADE RESISTENTE
773 0 _tScientia Agricola (Brazil)
_xISSN 0103-9016
_gJan-Feb 2016), v. 73(1) p. 71-78
_wBR2016001595
909 _a202311
_bLúcia
_c55
_dLúcia Elande
942 _2AGRIS
_n0
_cANA
999 _c248627
_d248627